[Event "Sunway Sitges Online KO"]
[Site "chess.com INT"]
[Date "2020.04.28"]
[Round "2.2"]
[White "Bachmann, Axel"]
[Black "Vasquez Schroeder, Rodrigo"]
[Result "0-1"]
[WhiteTitle "GM"]
[BlackTitle "GM"]
[WhiteElo "2599"]
[BlackElo "2441"]
[WhiteFideId "3700488"]
[BlackFideId "3400042"]
[EventDate "2020.04.28"]

1. c4 Nf6 2. Nc3 c5 3. Nf3 e6 4. g3 b6 5. Bg2 Bb7 6. O-O a6 7. b3 Be7 8. d4 cxd4
9. Qxd4 d6 10. Rd1 Nbd7 11. Ba3 Nc5 12. Rac1 O-O 13. Bb2 Qc7 14. b4 Ncd7 15. e4
Rac8 16. Nd2 Rfe8 17. a3 Qb8 18. h3 Rc7 19. f4 Rcc8 20. Qf2 Qa8 21. g4 h6 22.
Rf1 Rf8 23. Kh2 Qb8 24. Kh1 Ba8 25. Qe2 Qc7 26. Rcd1 Nh7 27. Rc1 Bf6 28. Qf2 Qd8
29. Rcd1 Qc7 30. h4 g5 31. hxg5 hxg5 32. e5 dxe5 33. f5 e4 34. Ndxe4 Bxe4 35.
Nxe4 Bxb2 36. Qxb2 Qe5 37. Qd2 Ndf6 38. Nxf6+ Qxf6 39. Qe2 Rfe8 40. fxe6 Qh6+
41. Kg1 Rxe6 42. Qd3 Nf6 43. Qf5 Kg7 44. Bd5 Re2 45. Bg2 Rxc4 46. Rd6 Rxg4 47.
Qxg4 Nxg4 48. Rxh6 Nxh6 49. Rc1 a5 50. Rc6 axb4 51. axb4 Re6 52. Rc7 Nf5 53. Bd5
Rf6 54. Rb7 Ne3 55. Be4 g4 56. Kh2 Rf4 0-1

[Event "Sunway Sitges Online KO"]
[Site "chess.com INT"]
[Date "2020.04.28"]
[Round "2.2"]
[White "Sattarov, Bobir"]
[Black "Adly, Ahmed"]
[Result "0-1"]
[BlackTitle "GM"]
[WhiteElo "2459"]
[BlackElo "2615"]
[WhiteFideId "14203081"]
[BlackFideId "10601619"]
[EventDate "2020.04.28"]

1. e4 c6 2. Nf3 d5 3. exd5 cxd5 4. Ne5 Nf6 5. d4 e6 6. Bd3 Nc6 7. c3 Nxe5 8.
dxe5 Nd7 9. Qe2 Qc7 10. Bf4 Be7 11. O-O g5 12. Bg3 h5 13. h3 b6 14. a4 Nc5 15.
Bc2 Ba6 16. Qd1 Bxf1 17. Qxf1 Ne4 18. Bh2 Bc5 19. Bxe4 dxe4 20. Nd2 e3 21. Ne4
exf2+ 22. Kh1 Rd8 23. Qe2 g4 24. h4 Qc6 25. Bg3 Kf8 26. Rf1 Rh7 27. Kh2 Rg7 28.
b4 Be7 29. Rxf2 Qxa4 30. Qe3 Rd1 31. Nf6 Qa1 32. Bf4 g3+ 0-1

[Event "Sunway Sitges Online KO"]
[Site "chess.com INT"]
[Date "2020.04.28"]
[Round "2.2"]
[White "Vrolijk, Liam"]
[Black "Mehar, Chinna Reddy C.H."]
[Result "1/2-1/2"]
[WhiteTitle "IM"]
[BlackTitle "IM"]
[WhiteElo "2502"]
[BlackElo "2422"]
[WhiteFideId "1048333"]
[BlackFideId "5027420"]
[EventDate "2020.04.28"]

1. d4 d5 2. c4 c6 3. Nf3 Nf6 4. Nc3 e6 5. Bg5 Nbd7 6. e3 Qa5 7. Nd2 Bb4 8. Rc1
O-O 9. Bh4 c5 10. dxc5 Qxc5 11. a3 Bxc3 12. Rxc3 Qb6 13. b4 a5 14. c5 Qc7 15.
Be2 axb4 16. axb4 Qe5 17. Qc1 Ne4 18. Nxe4 Qxe4 19. Be7 Qxg2 20. Rf1 Re8 21. Bd6
e5 22. Qd1 Qe4 23. Rb3 Nf6 24. Rg1 Ra2 25. Qb1 Qxb1+ 26. Rxb1 Ne4 27. Bf3 Bf5
28. Bxe4 Bxe4 29. Rc1 d4 30. Rg3 d3 31. Rd1 f6 32. f3 Bc6 33. Rxd3 Rxh2 34. Rd2
Rxd2 35. Kxd2 Kf7 36. e4 h5 37. Rg1 h4 38. Ke3 g5 39. Rb1 Bb5 40. Ra1 Rh8 41.
Kf2 h3 42. Kg3 h2 43. Rh1 Be2 44. b5 Ke6 45. Bc7 Rh4 46. Ba5 Rf4 47. c6 bxc6 48.
bxc6 Rxf3+ 49. Kxh2 Ra3 50. Bb6 Ba6 51. Rd1 Rc3 52. c7 Rc4 53. Rd8 Rxe4 54. Ra8
Bb7 55. Rb8 Ba6 56. Ra8 Bb7 57. Rb8 Ba6 58. Ra8 1/2-1/2

[Event "Sunway Sitges Online KO"]
[Site "chess.com INT"]
[Date "2020.04.28"]
[Round "2.2"]
[White "Yoo, Christopher Woojin"]
[Black "Shevchenko, Kirill"]
[Result "0-1"]
[WhiteTitle "IM"]
[BlackTitle "GM"]
[WhiteElo "2455"]
[BlackElo "2592"]
[WhiteFideId "30909694"]
[BlackFideId "14129574"]
[EventDate "2020.04.28"]

1. e4 c5 2. Nf3 d6 3. d4 cxd4 4. Nxd4 Nf6 5. Nc3 a6 6. Bg5 Nbd7 7. Qe2 e6 8.
O-O-O Qc7 9. f4 b5 10. g3 b4 11. Nd5 exd5 12. Bg2 Be7 13. Rhe1 O-O 14. e5 dxe5
15. fxe5 Ra7 16. Nf5 Bd8 17. exf6 Nxf6 18. Rf1 Re8 19. Qd3 Qe5 20. Kb1 Bd7 21.
Qf3 Bb5 22. Rfe1 Qxe1 23. Rxe1 Rxe1+ 24. Bc1 Ne4 25. Qf4 g5 26. Nh6+ Kf8 27. Qg4
Nd2+ 0-1

[Event "Sunway Sitges Online KO"]
[Site "chess.com INT"]
[Date "2020.04.28"]
[Round "2.3"]
[White "Vrolijk, Liam"]
[Black "Mehar, Chinna Reddy C.H."]
[Result "1-0"]
[WhiteTitle "IM"]
[BlackTitle "IM"]
[WhiteElo "2502"]
[BlackElo "2422"]
[WhiteFideId "1048333"]
[BlackFideId "5027420"]
[EventDate "2020.04.28"]

1. d4 d5 2. c4 c6 3. Nf3 Nf6 4. e3 Bf5 5. Nc3 a6 6. Nh4 Bc8 7. a4 e6 8. Qc2 a5
9. Nf3 Na6 10. Be2 Be7 11. g4 Nb4 12. Qb1 O-O 13. g5 Nd7 14. h4 Bd6 15. Bd2 e5
16. cxd5 cxd5 17. Nb5 Qe7 18. Nxd6 Qxd6 19. dxe5 Nxe5 20. Nxe5 Qxe5 21. Bc3 Qe7
22. Qd1 Bf5 23. Kf1 Nc6 24. Rg1 Rad8 25. Bd4 Qb4 26. Bg4 Qc4+ 27. Be2 Qb4 28.
Bc3 Qxh4 29. Bg4 Be4 30. f3 Bg6 31. f4 Qh2 32. Qd2 Qxd2 33. Bxd2 Be4 34. Kf2
Rfe8 35. Bc3 Bc2 36. Rgc1 Bb3 37. Ra3 Bc4 38. b3 Bd3 39. Rd1 Bc2 40. Rd2 Be4 41.
Ra1 Rc8 42. Bxc8 Rxc8 43. Rdd1 b6 44. Rac1 Rd8 45. Bd4 Rd7 46. Rxc6 1-0

[Event "Sunway Sitges Online KO"]
[Site "chess.com INT"]
[Date "2020.04.28"]
[Round "2.3"]
[White "Shevchenko, Kirill"]
[Black "Yoo, Christopher Woojin"]
[Result "0-1"]
[WhiteTitle "GM"]
[BlackTitle "IM"]
[WhiteElo "2592"]
[BlackElo "2455"]
[WhiteFideId "14129574"]
[BlackFideId "30909694"]
[EventDate "2020.04.28"]

1. e4 c5 2. Nf3 d6 3. d4 cxd4 4. Nxd4 Nf6 5. Nc3 Nc6 6. Bg5 e6 7. Qd3 a6 8. Nxc6
bxc6 9. O-O-O Be7 10. Bxf6 gxf6 11. Qe3 Rb8 12. Bc4 Qb6 13. Qxb6 Rxb6 14. Rhe1
Kd8 15. f4 Kc7 16. g3 h5 17. h4 Bf8 18. Kb1 Rb8 19. Bb3 Bh6 20. Rd3 Rd8 21. f5
d5 22. fxe6 fxe6 23. exd5 cxd5 24. Bxd5 exd5 25. Nxd5+ Kb7 26. Re7+ Kc6 27. Nb4+
Rxb4 28. Rxd8 Bg4 29. b3 a5 30. Ra7 Re4 31. Kb2 Be3 32. Ra6+ Kb5 33. Rad6 a4 34.
c4+ Kb4 35. a3+ Kc5 36. Rd5+ Kc6 37. R8d6+ Kc7 38. Rxf6 Bd4+ 39. Rxd4 Rxd4 40.
Kc3 Re4 41. bxa4 Re3+ 42. Kb4 Rxg3 43. Kc5 Rf3 44. Rf7+ Rxf7 45. Kd4 Rf5 46. c5
Rf4+ 47. Ke5 Rxa4 48. c6 Rxa3 49. Kd5 Rc3 50. Kd4 Rxc6 51. Ke5 Rd6 52. Kf4 Kd7
53. Kg5 Ke6 54. Kf4 Rd5 55. Kg3 Re5 56. Kf4 Kf6 57. Kg3 Rf5 58. Kg2 Rf3 59. Kh2
Rh3+ 60. Kg2 Rxh4 61. Kg1 Rh3 62. Kf1 Rf3+ 63. Kg1 h4 64. Kg2 Kg5 65. Kh2 Kf4
66. Kg2 h3+ 67. Kg1 Kg3 68. Kh1 Rf1# 0-1

[Event "Sunway Sitges Online KO"]
[Site "chess.com INT"]
[Date "2020.04.28"]
[Round "3.1"]
[White "Yoo, Christopher Woojin"]
[Black "Adly, Ahmed"]
[Result "1/2-1/2"]
[WhiteTitle "IM"]
[BlackTitle "GM"]
[WhiteElo "2455"]
[BlackElo "2615"]
[WhiteFideId "30909694"]
[BlackFideId "10601619"]
[EventDate "2020.04.28"]

1. e4 c6 2. d4 d5 3. e5 Bf5 4. h4 h5 5. c4 e6 6. Nc3 Nd7 7. Nge2 Ne7 8. Ng3 Bg6
9. Bg5 Qa5 10. Rc1 Nf5 11. Nxf5 Bxf5 12. cxd5 cxd5 13. Bd3 Bxd3 14. Qxd3 Bb4 15.
a3 Bxc3+ 16. Qxc3 Qxc3+ 17. Rxc3 f6 18. exf6 gxf6 19. Be3 Ke7 20. Ke2 Rhc8 21.
Rhc1 Rxc3 22. Rxc3 Kd6 23. Kf3 Rg8 24. g3 b6 25. a4 e5 26. Rc1 Rg4 27. Rd1 Nb8
28. Kg2 Nc6 29. f3 Rg8 30. Kf2 Ke6 31. Rd2 Na5 32. Re2 Kf5 33. Bd2 Nb3 34. dxe5
fxe5 35. Bg5 Nc5 36. Kg2 Re8 37. Kh3 d4 38. g4+ Kg6 39. gxh5+ Kxh5 40. Bd2 e4
41. fxe4 Nxe4 42. Re1 Re6 43. Kg2 Kxh4 44. Bf4 Kg4 45. Bb8 a6 46. Rd1 Kf5 47.
Rxd4 Nf6 48. Kf3 Re8 49. Bc7 Re6 50. Rf4+ Kg6 51. Rd4 Kf7 52. b4 Rc6 53. Bd8 Ne8
54. b5 axb5 55. axb5 Rg6 56. Rd7+ Kf8 57. Rb7 Nd6 58. Rxb6 Ke8 59. Bc7 Kd7 60.
Bb8 Re6 61. Kf4 Nc4 62. Rxe6 Kxe6 63. Ke4 Nd6+ 64. Bxd6 Kxd6 65. Kd4 Kc7 66. Kc5
Kb7 67. b6 Kb8 68. Kc6 Kc8 69. b7+ Kb8 70. Kb6 1/2-1/2

[Event "Sunway Sitges Online KO"]
[Site "chess.com INT"]
[Date "2020.04.28"]
[Round "3.1"]
[White "Vrolijk, Liam"]
[Black "Vasquez Schroeder, Rodrigo"]
[Result "1/2-1/2"]
[WhiteTitle "IM"]
[BlackTitle "GM"]
[WhiteElo "2502"]
[BlackElo "2441"]
[WhiteFideId "1048333"]
[BlackFideId "3400042"]
[EventDate "2020.04.28"]

1. d4 Nf6 2. c4 e6 3. Nc3 c5 4. d5 exd5 5. cxd5 d6 6. e4 g6 7. f4 Bg7 8. Bb5+
Nfd7 9. Bd3 O-O 10. Nf3 Na6 11. O-O Nc7 12. f5 Ne8 13. Bf4 Qe7 14. Qd2 Ne5 15.
Nxe5 dxe5 16. Be3 b6 17. Qf2 f6 18. a4 Nd6 19. fxg6 hxg6 20. Qg3 Kh7 21. Qh4+
Kg8 22. Qg3 Kh7 23. Nb5 Ba6 24. Qh4+ Kg8 25. Qg3 Kh7 26. Qh4+ Kg8 1/2-1/2

[Event "Sunway Sitges Online KO"]
[Site "chess.com INT"]
[Date "2020.04.28"]
[Round "3.1"]
[White "Shevchenko, Kirill"]
[Black "Sattarov, Bobir"]
[Result "1-0"]
[WhiteTitle "GM"]
[WhiteElo "2592"]
[BlackElo "2459"]
[WhiteFideId "14129574"]
[BlackFideId "14203081"]
[EventDate "2020.04.28"]

1. e4 e5 2. Nf3 Nc6 3. Bb5 a6 4. Ba4 Bc5 5. c3 Qf6 6. d3 h6 7. h3 Nge7 8. Nbd2
Ng6 9. Nf1 Nh4 10. Rg1 d6 11. Be3 Ba7 12. Nxh4 Qxh4 13. Bxa7 Rxa7 14. Ne3 b5 15.
Bb3 O-O 16. Qf3 Be6 17. g4 Kh7 18. Bxe6 1-0

[Event "Sunway Sitges Online KO"]
[Site "chess.com INT"]
[Date "2020.04.28"]
[Round "3.1"]
[White "Mehar, Chinna Reddy C.H."]
[Black "Bachmann, Axel"]
[Result "0-1"]
[WhiteTitle "IM"]
[BlackTitle "GM"]
[WhiteElo "2422"]
[BlackElo "2599"]
[WhiteFideId "5027420"]
[BlackFideId "3700488"]
[EventDate "2020.04.28"]

1. d4 g6 2. Nf3 Bg7 3. g3 Nf6 4. Bg2 O-O 5. O-O d6 6. a4 Nbd7 7. a5 Rb8 8. Nc3
c5 9. e4 cxd4 10. Nxd4 a6 11. h3 Ne5 12. Kh2 Bd7 13. b3 Nc6 14. Be3 Nxa5 15. f4
Nc6 16. Qd2 Nxd4 17. Bxd4 Bc6 18. Rad1 Rc8 19. Qe3 Nd7 20. Bxg7 Kxg7 21. Ne2 Qb6
22. Qd2 Nc5 23. Qd4+ Kg8 24. f5 Nd7 25. Qd2 Ne5 26. Qh6 f6 27. fxg6 hxg6 28. Nf4
Be8 29. Ne6 Rf7 30. Rd5 Ng4+ 31. hxg4 Rh7 32. Qxh7+ Kxh7 33. g5 Bf7 34. Bh3
Rxc2+ 35. Kh1 Qe3 0-1

[Event "Sunway Sitges Online KO"]
[Site "chess.com INT"]
[Date "2020.04.28"]
[Round "3.2"]
[White "Adly, Ahmed"]
[Black "Yoo, Christopher Woojin"]
[Result "1/2-1/2"]
[WhiteTitle "GM"]
[BlackTitle "IM"]
[WhiteElo "2615"]
[BlackElo "2455"]
[WhiteFideId "10601619"]
[BlackFideId "30909694"]
[EventDate "2020.04.28"]

1. c4 Nf6 2. Nc3 g6 3. g3 c6 4. e4 d5 5. cxd5 cxd5 6. e5 d4 7. exf6 dxc3 8. dxc3
Qxd1+ 9. Kxd1 exf6 10. Be3 Bf5 11. Bh3 Be4 12. f3 Bd5 13. b3 Nd7 14. Bxd7+ Kxd7
15. c4 Bc6 16. Ke2 a5 17. Kf2 Bb4 18. Ne2 Rhe8 19. Rhd1+ Kc7 20. Bf4+ Kb6 21.
Be3+ Bc5 22. Bxc5+ Kxc5 23. Nf4 Rad8 24. Nd3+ Kb6 25. Rac1 Rd7 26. Rc3 Rde7 27.
Nc1 Kc5 28. a3 f5 29. Rd2 g5 30. b4+ axb4 31. Nb3+ Kb6 32. axb4 g4 33. Nd4 Rd7
34. c5+ Kc7 35. b5 Red8 36. b6+ Kb8 37. Nxc6+ bxc6 38. Rxd7 Rxd7 39. Ke3 gxf3
40. Kxf3 Rd5 41. Kf4 f6 42. Rc2 Kb7 43. Kf3 Re5 44. Kg2 Rd5 45. Kh3 Re5 46. Kh4
Rd5 47. Rc3 Re5 48. Kh5 f4+ 49. Kh6 fxg3 50. hxg3 Re7 51. Rc4 Re3 52. g4 Re7 53.
Ra4 Re5 54. Rc4 Rg5 55. Kxh7 f5 56. gxf5 Rxf5 57. Kg6 Rf1 58. Kg5 Rf2 59. Rf4
Rc2 60. Rf7+ Kb8 61. Rf5 Kb7 62. Kf6 Rc1 63. Ke7 Re1+ 64. Kf6 Rc1 65. Re5 Rc2
66. Ke7 Rc1 67. Kd8 Rd1+ 68. Ke8 Rc1 69. Ke7 Rc2 70. Rf5 Rc1 71. Rf7 Rxc5 72.
Kd6+ Kxb6 73. Rb7+ Kxb7 74. Kxc5 Kc7 75. Kc4 Kb6 76. Kb4 c5+ 77. Kc4 Kc6 78. Kc3
Kb5 79. Kb3 c4+ 80. Kc3 Kc5 81. Kc2 Kb4 82. Kb2 c3+ 83. Kc2 Kc4 84. Kc1 Kb3 85.
Kb1 c2+ 86. Kc1 Kc3 1/2-1/2

[Event "Sunway Sitges Online KO"]
[Site "chess.com INT"]
[Date "2020.04.28"]
[Round "3.2"]
[White "Bachmann, Axel"]
[Black "Mehar, Chinna Reddy C.H."]
[Result "1-0"]
[WhiteTitle "GM"]
[BlackTitle "IM"]
[WhiteElo "2599"]
[BlackElo "2422"]
[WhiteFideId "3700488"]
[BlackFideId "5027420"]
[EventDate "2020.04.28"]

1. Nf3 d5 2. e3 Nf6 3. c4 c6 4. Nc3 e6 5. b3 Bd6 6. Bb2 O-O 7. d4 Nbd7 8. Bd3
Qe7 9. Qc2 e5 10. cxd5 cxd5 11. dxe5 Nxe5 12. Nxe5 Qxe5 13. Ne2 Qe7 14. h3 Be6
15. O-O Rac8 16. Qd1 Ne4 17. Bxe4 dxe4 18. Qd4 f6 19. Qxe4 Bxh3 20. Qxe7 Bxe7
21. gxh3 Rc2 22. Bd4 Rxe2 23. Rfc1 Bd6 24. Rc4 Be5 25. a4 Bxd4 26. Rxd4 Rc8 27.
Rad1 Rcc2 28. Rf4 Rb2 29. Rd8+ Kf7 30. Rd7+ Ke6 31. Rxg7 Rxb3 32. Rxh7 a5 33.
Rh6 Ke5 34. Rhxf6 1-0

[Event "Sunway Sitges Online KO"]
[Site "chess.com INT"]
[Date "2020.04.28"]
[Round "3.2"]
[White "Sattarov, Bobir"]
[Black "Shevchenko, Kirill"]
[Result "0-1"]
[BlackTitle "GM"]
[WhiteElo "2459"]
[BlackElo "2592"]
[WhiteFideId "14203081"]
[BlackFideId "14129574"]
[EventDate "2020.04.28"]

1. e4 c5 2. Nf3 d6 3. d4 cxd4 4. Nxd4 Nf6 5. f3 e5 6. Nb3 d5 7. Bg5 d4 8. c3 Nc6
9. Bb5 h6 10. Bxf6 Qxf6 11. cxd4 Bb4+ 12. Nc3 O-O 13. Bxc6 bxc6 14. dxe5 Qxe5
15. Qd4 Qe7 16. O-O Be6 17. Kh1 Rfd8 18. Qe3 Bxb3 19. axb3 Bc5 20. Qe2 Rab8 21.
Na4 Bd4 22. Qc4 Qe6 23. Rfd1 Qxc4 24. bxc4 Bf6 25. g3 Rxd1+ 26. Rxd1 Rb4 27. b3
Rxb3 28. Rd6 Rb4 29. Nc5 Be7 30. Rxc6 Rxc4 31. Rc8+ Kh7 0-1

[Event "Sunway Sitges Online KO"]
[Site "chess.com INT"]
[Date "2020.04.28"]
[Round "3.2"]
[White "Vasquez Schroeder, Rodrigo"]
[Black "Vrolijk, Liam"]
[Result "0-1"]
[WhiteTitle "GM"]
[BlackTitle "IM"]
[WhiteElo "2441"]
[BlackElo "2502"]
[WhiteFideId "3400042"]
[BlackFideId "1048333"]
[EventDate "2020.04.28"]

1. e4 e5 2. Nf3 Nc6 3. Bb5 a6 4. Ba4 Nf6 5. O-O b5 6. Bb3 Bc5 7. c3 d6 8. d4 Bb6
9. Bg5 h6 10. Bxf6 Qxf6 11. Bd5 Bd7 12. dxe5 dxe5 13. a4 Rd8 14. axb5 axb5 15.
Qe2 Ne7 16. Bb3 O-O 17. Na3 Ng6 18. Ne1 Nf4 19. Qf3 Qg6 20. Bd1 Be6 21. Nac2 Bc4
22. Ne3 Bxe3 23. Qxe3 Bxf1 24. Kxf1 Qd6 25. g3 Ne6 26. Be2 c6 27. Nd3 Ra8 28.
Rd1 Rfd8 29. h4 c5 30. Kg2 b4 31. Nxb4 Qb6 32. Nd5 Qxb2 33. Rd2 Qc1 34. Bg4 Ra1
35. Bd1 Rb8 0-1

[Event "Sunway Sitges Online KO"]
[Site "chess.com INT"]
[Date "2020.04.28"]
[Round "3.3"]
[White "Adly, Ahmed"]
[Black "Yoo, Christopher Woojin"]
[Result "1-0"]
[WhiteTitle "GM"]
[BlackTitle "IM"]
[WhiteElo "2615"]
[BlackElo "2455"]
[WhiteFideId "10601619"]
[BlackFideId "30909694"]
[EventDate "2020.04.28"]

1. Nf3 Nf6 2. g3 g6 3. Bg2 Bg7 4. c4 c6 5. O-O O-O 6. d4 d5 7. a4 dxc4 8. Na3 a5
9. Nxc4 Be6 10. b3 Na6 11. Ba3 Nb4 12. Rc1 Ne4 13. Nfe5 Nd6 14. Bxb4 axb4 15. e3
Bd5 16. Bxd5 cxd5 17. Nxd6 Qxd6 18. Nd3 Rfb8 19. Rc5 e5 20. dxe5 Bxe5 21. Rb5
Bc3 22. Nf4 d4 23. exd4 Qxd4 24. Qxd4 Bxd4 25. Rxb4 Bc3 26. Rc4 Be5 27. Nd3 b5
28. Rc5 Bd6 29. Rd5 Bf8 30. axb5 Ra5 31. b4 Raxb5 32. Rxb5 Rxb5 33. Rb1 Kg7 34.
Kg2 Kf6 35. Kf3 Ke6 36. Ke4 Bd6 37. Kd4 Kd7 38. Kc4 Kc6 39. Ra1 Kb6 40. Ra8 Rh5
41. h4 Rf5 42. f4 h6 43. Rh8 h5 44. Rd8 Bc7 45. Rd5 Rf6 46. Nc5 Kc6 47. b5+ Kb6
48. Nd7+ Ka5 49. Nxf6 Bb6 50. Rd7 Ka4 51. Rxf7 Ba5 52. Nd5 g5 53. fxg5 Ka3 54.
Ra7 Ka4 55. g6 Ka3 56. Rxa5+ Kb2 57. g7 Kc1 58. Ra2 1-0

[Event "Sunway Sitges Online KO"]
[Site "chess.com INT"]
[Date "2020.04.28"]
[Round "4.1"]
[White "Adly, Ahmed"]
[Black "Vrolijk, Liam"]
[Result "1-0"]
[WhiteTitle "GM"]
[BlackTitle "IM"]
[WhiteElo "2615"]
[BlackElo "2502"]
[WhiteFideId "10601619"]
[BlackFideId "1048333"]
[EventDate "2020.04.28"]

1. d4 Nf6 2. Nf3 d5 3. c4 e6 4. g3 Be7 5. Bg2 O-O 6. O-O dxc4 7. Qc2 b5 8. a4 b4
9. Qxc4 Bb7 10. Bg5 Nbd7 11. Ne5 Bxg2 12. Kxg2 Nxe5 13. dxe5 Nd5 14. Bxe7 Qxe7
15. Nd2 a5 16. Rfc1 Rfd8 17. Ne4 Qd7 18. Qc6 Qxc6 19. Rxc6 Kf8 20. Rac1 Ra7 21.
b3 h6 22. Kf3 Rd7 23. R6c5 Nb6 24. Rb5 Rd5 25. Rcc5 Ke7 26. h4 Rxc5 27. Nxc5 Nd7
28. Nxd7 Kxd7 29. Rc5 c6 30. Ke3 Kc7 31. Rc4 g6 32. Kd3 Kb6 33. Rd4 Kc5 34. g4
Re7 35. Rd8 h5 36. gxh5 gxh5 37. e3 Rc7 38. f3 Kb6 39. Kc4 f6 40. Rb8+ Ka7 41.
Rh8 fxe5 42. Rxh5 Rf7 43. Rxe5 Rxf3 44. Rxa5+ Kb6 45. Re5 Rh3 46. Re4 Ka5 47.
Kc5 Rh1 48. Rxb4 1-0

[Event "Sunway Sitges Online KO"]
[Site "chess.com INT"]
[Date "2020.04.28"]
[Round "4.1"]
[White "Sattarov, Bobir"]
[Black "Mehar, Chinna Reddy C.H."]
[Result "0-1"]
[BlackTitle "IM"]
[WhiteElo "2459"]
[BlackElo "2422"]
[WhiteFideId "14203081"]
[BlackFideId "5027420"]
[EventDate "2020.04.28"]

1. e4 c5 2. Nf3 d6 3. d4 cxd4 4. Nxd4 Nf6 5. Nc3 Nc6 6. Bc4 Qb6 7. Nb3 e6 8. Be3
Qc7 9. f4 Be7 10. Qf3 a6 11. O-O-O b5 12. Bd3 Bb7 13. g4 b4 14. Na4 Nd7 15. Qf2
O-O 16. g5 Rab8 17. Kb1 Na5 18. Nb6 Nxb3 19. cxb3 Nc5 20. Bxc5 dxc5 21. Nc4 Rfd8
22. Bc2 Rxd1+ 23. Rxd1 Rd8 24. Rxd8+ Qxd8 25. h4 Bf8 26. Kc1 g6 27. f5 exf5 28.
exf5 Qd5 29. f6 h6 30. Qg1 Qf3 31. Kb1 Qf4 32. gxh6 Qxh4 33. a4 bxa3 34. Bxg6
fxg6 35. Qxg6+ Kh8 36. Qf7 Be4+ 37. Ka2 Qxh6 38. Qe8 Bd5 39. Ne3 Bf3 40. Qf7
axb2 41. Nf5 b1=Q+ 42. Kxb1 Be4+ 0-1

[Event "Sunway Sitges Online KO"]
[Site "chess.com INT"]
[Date "2020.04.28"]
[Round "4.1"]
[White "Shevchenko, Kirill"]
[Black "Bachmann, Axel"]
[Result "1-0"]
[WhiteTitle "GM"]
[BlackTitle "GM"]
[WhiteElo "2592"]
[BlackElo "2599"]
[WhiteFideId "14129574"]
[BlackFideId "3700488"]
[EventDate "2020.04.28"]

1. e4 g6 2. d4 Bg7 3. Nc3 d6 4. Nf3 c6 5. Be3 Nd7 6. Qd2 b5 7. a3 Nb6 8. h4 h5
9. d5 cxd5 10. Bxb6 Qxb6 11. Nxd5 Qb7 12. Bxb5+ Bd7 13. Bxd7+ Qxd7 14. Rd1 Nh6
15. e5 Nf5 16. O-O O-O 17. c4 Rab8 18. b4 Rfd8 19. Rfe1 e6 20. Ne3 Nxe3 21. Rxe3
d5 22. cxd5 exd5 23. Rd3 Qa4 24. Rxd5 Rxd5 25. Qxd5 Qxa3 26. Ng5 Rf8 27. e6 Qxb4
28. exf7+ Kh8 29. Qd3 Qg4 30. Re1 Qf5 31. Qxf5 gxf5 32. Re8 1-0

[Event "Sunway Sitges Online KO"]
[Site "chess.com INT"]
[Date "2020.04.28"]
[Round "4.1"]
[White "Yoo, Christopher Woojin"]
[Black "Vasquez Schroeder, Rodrigo"]
[Result "0-1"]
[WhiteTitle "IM"]
[BlackTitle "GM"]
[WhiteElo "2455"]
[BlackElo "2441"]
[WhiteFideId "30909694"]
[BlackFideId "3400042"]
[EventDate "2020.04.28"]

1. e4 c5 2. Nf3 d6 3. d4 cxd4 4. Nxd4 Nf6 5. Nc3 a6 6. Bg5 e6 7. Qf3 h6 8. Be3
Nbd7 9. O-O-O Qc7 10. Qg3 b5 11. Bxb5 axb5 12. Ndxb5 Qb8 13. Nxd6+ Bxd6 14. Qxd6
Qxd6 15. Rxd6 Ng4 16. Bd4 e5 17. Be3 Nxe3 18. fxe3 Nf6 19. a4 Bd7 20. Rhd1 Ke7
21. Rb6 Rhc8 22. Rb4 Rc5 23. h3 Rac8 24. Rd3 Bc6 25. b3 Kf8 26. Kb2 h5 27. g3 g6
28. Rd6 Rxc3 29. Rxf6 Bd7 30. Rb7 Rxc2+ 31. Ka3 Be6 32. a5 Rc1 33. Kb4 Bxb3 34.
a6 Be6 35. Ka5 Ra1+ 36. Kb6 Bc4 37. Ka7 Rxa6+ 38. Rxa6 Bxa6 39. Kxa6 Rc3 40. g4
hxg4 41. hxg4 Rxe3 42. Rb4 Kg7 43. Kb6 Kh6 44. Kc6 Kg5 45. Kd5 f6 46. Ke6 Rg3
47. Rb1 Rxg4 48. Rf1 Rf4 49. Rg1+ Kh6 50. Kf7 f5 51. Kf6 fxe4+ 52. Kxe5 g5 53.
Rh1+ Kg6 54. Rh8 e3 55. Rh1 Rf8 56. Ke4 e2 57. Re1 Re8+ 58. Kf3 Kf5 59. Kg3 Re3+
60. Kg2 Kf4 61. Kf2 Re4 62. Kg2 Ke3 63. Ra1 Kd3 64. Kf2 e1=Q+ 65. Rxe1 Rxe1 66.
Kxe1 Ke3 67. Kf1 Kf3 68. Kg1 Kg3 69. Kh1 Kf2 70. Kh2 g4 71. Kh1 Kf3 72. Kh2 Kf2
73. Kh1 Kg3 74. Kg1 Kh3 75. Kh1 g3 76. Kg1 g2 0-1

[Event "Sunway Sitges Online KO"]
[Site "chess.com INT"]
[Date "2020.04.28"]
[Round "4.2"]
[White "Bachmann, Axel"]
[Black "Shevchenko, Kirill"]
[Result "0-1"]
[WhiteTitle "GM"]
[BlackTitle "GM"]
[WhiteElo "2599"]
[BlackElo "2592"]
[WhiteFideId "3700488"]
[BlackFideId "14129574"]
[EventDate "2020.04.28"]

1. d4 Nf6 2. c4 g6 3. Nc3 d5 4. Bf4 Bg7 5. e3 c5 6. dxc5 Qa5 7. Qa4+ Qxa4 8.
Nxa4 Nc6 9. Rc1 Bd7 10. Nc3 e5 11. Bg5 d4 12. Bxf6 Bxf6 13. Nd5 Bd8 14. Nf3 O-O
15. b4 dxe3 16. fxe3 e4 17. Nd4 Ne5 18. Be2 b6 19. cxb6 axb6 20. Rc2 Be6 21.
Nxe6 fxe6 22. Nf4 Be7 23. c5 bxc5 24. bxc5 Rfc8 25. Nxe6 Rc6 26. Nd4 Rxc5 27.
Bd1 Nd3+ 28. Ke2 Rxc2+ 29. Bxc2 Rxa2 30. Rb1 Nb4 31. Kd1 Nxc2 32. Nxc2 Kf7 33.
Rb7 Ke6 34. h3 h5 35. Nd4+ Kf6 36. Ne2 Ra3 37. Rb6+ Kf7 38. Nf4 Rxe3 39. Rb7 Ra3
40. Ke2 Ra5 41. Ke3 Kf6 42. Rb6+ Kf5 43. Nxg6 Bc5+ 0-1

[Event "Sunway Sitges Online KO"]
[Site "chess.com INT"]
[Date "2020.04.28"]
[Round "4.2"]
[White "Mehar, Chinna Reddy C.H."]
[Black "Sattarov, Bobir"]
[Result "1-0"]
[WhiteTitle "IM"]
[WhiteElo "2422"]
[BlackElo "2459"]
[WhiteFideId "5027420"]
[BlackFideId "14203081"]
[EventDate "2020.04.28"]

1. d4 Nf6 2. Nf3 g6 3. g3 Bg7 4. Bg2 d6 5. O-O O-O 6. a4 a5 7. Nc3 Nc6 8. e4 Bg4
9. h3 Bxf3 10. Bxf3 Nd7 11. d5 Nce5 12. Bg2 c6 13. Qe2 Nc5 14. Be3 Qb6 15. Rab1
Qb4 16. Rfd1 Nc4 17. Bd4 e5 18. dxe6 Nxe6 19. Bxg7 Kxg7 20. Rd3 Rae8 21. b3 Ne5
22. Re3 h5 23. Rd1 h4 24. f4 Nd7 25. f5 gxf5 26. exf5 Nd4 27. Qg4+ Kh7 28. Qxh4+
Kg7 29. Rxd4 Rxe3 30. Rg4+ Qxg4 31. Qxg4+ Kf6 32. Qh4+ Kxf5 33. Qf4+ 1-0